000 00603nam a22001937a 4500
003 NUST
005 20230126162020.0
008 190705b ||||| |||| 00| 0 eng d
038 _aMr.Atta
082 _a540
100 _aParacha, Qurat ul Ain Arif
_916879
245 _aSynthesis, Structural and Physics Properties of Bax Ni1-x Fe2O4 (_<x_>1) Nanomaterials
_cQurat ul Ain Arif Paracha
260 _aIslamabad :
_bSNS - NUST,
_c2018.
300 _a40 p. ; ill. ;
_c30cm.
500 _aHardcover.
650 _aChemistry - MS Thesis
_916069
700 _aDr.Zahida Malik
_916166
942 _2ddc
_cTHE
999 _c525929
_d525929